Quiz mathématique rapide, juste un petit quiz 8 - Statistiques

Statistiques générales
  • Ce quiz a été pris 223 fois
  • Le résultat moyen est 15 sur 15
Statistiques - réponses
Hint Réponse % Correct
1 x 5 = 5
100%
2 x 5 = 10
99%
3 x 5 = 15
99%
4 x 5 = 20
99%
5 x 5 = 25
99%
6 x 5 = 30
99%
7 x 5 = 35
99%
8 x 5 = 40
99%
9 x 5 = 45
99%
10 x 5 = 50
99%
11 x 5 = 55
99%
12 x 5 = 60
99%
13 x 5 = 65
99%
15 x 5 = 75
99%
14 x 5 = 70
98%
Aucun quiz correspondant
Distribution des résultats
% des personnes avec chaque résultat
Percentile par nombre de réponses
Votre historique - résultats
Vous n’avez pas pris ce quiz